000 00765nam a2200277Ia 4500
003 OSt
005 20220925220713.0
006 a|||||r|||| 00| 0
007 ta
008 220923b |||||||| |||| 00| 0 eng d
020 _a0333406060
037 _cGeneral Book
040 _aRTL
_cRTL
_beng
041 _2eng
_aeng
082 _aY33, M7
100 _aGurr Ted Robert
_921322
245 0 _aState and the city
260 _aLondon
_bMacmillan
_c1988
300 _ax,242p
_ccm.
490 _aSociology, Politics and Cities
500 _aBibliography P 219-233
650 _aUrban Sociology
_934088
700 _a King Desmond S
_9136893
942 _hY33, M7
_cGB
_2CC
999 _c572134
_d572134